[Event "WYCC U18 Open 2019"]
[Site "Mumbai"]
[Date "2019.10.09"]
[Round "8.3"]
[White "Stoleriu, George"]
[Black "Sargsyan, Shant"]
[Result "0-1"]
[WhiteElo "2351"]
[BlackElo "2580"]
[Annotator "TA"]
[PlyCount "74"]
[EventDate "2019.10.02"]
[EventType "swiss"]
[EventCountry "IND"]
[SourceTitle "playchess.com"]
[Source "ChessBase"]
[SourceQuality "1"]

{[%evp 23,74,-8,-14,-32,0,0,39,0,8,-35,-40,-44,-47,-46,-48,-30,-39,-26,-27,-38,-18,-119,-117,-164,-129,-162,-129,-148,-129,-129,-129,-129,-129,-172,-164,-184,-124,-466,-446,-460,-437,-497,-490,-639,-646,-616,-543,-929,-920,-858,-840,-1046,-981]} 1. e4 c5 2. Nf3 Nc6 3. Nc3 d6 4. d4 cxd4 5. Nxd4 Nf6 6. Be2 e5 7. Nb3 Be7 8. O-O O-O 9. f4 a5 10. a4 Nb4 11. Be3 Be6 12. Kh1 Rc8 13. Bf3 {B59: Classical Sicilian: 6 Be2 e5 7 Nb3} (13. f5 Bd7 14. Bg5 Bc6 15. Bf3 b6 16. Qe2 Bb7 17. Rfd1 h6 18. Be3 d5 19. exd5 e4 20. Bxe4 Re8 21. d6 Nxe4 {1-0 (38) Ponkratov,P (2558)-Bocharov,D (2647) Moscow 2009}) 13... h6 14. Rf2 Qc7 $146 ({Predecessor:} 14... exf4 15. Bxf4 Qb6 16. Qd4 {0-1 (61) Damjanovic,V (2440)-Todorovic,G (2470) Bucharest 1996}) 15. Nb5 {White is slightly better.} Qd7 {[#] Strongly threatening ...Nxc2!} 16. c3 exf4 17. Bb6 Bxb3 18. Qxb3 Nd3 19. Rd2 Ne5 20. Bd4 {Bxe5 is the strong threat.} Qe6 21. Qxe6 fxe6 22. Bxe5 (22. Bd1 $11 {remains equal.}) 22... dxe5 $17 23. g4 g5 24. h3 Kf7 25. Kg2 Rh8 26. Rad1 Bc5 27. Rd3 Ke7 28. b3 Rcg8 29. Rh1 h5 (29... Rd8 $19 30. Rhd1 Rxd3 31. Rxd3 h5 32. gxh5 Nxh5) 30. Rd2 $2 {[%mdl 8192]} (30. gxh5 $17 {nothing else works.} Nxh5 31. b4 axb4 32. cxb4 Bxb4 33. Rb1) 30... hxg4 $19 {Black is clearly winning.} 31. hxg4 Rh4 32. Rxh4 gxh4 33. Kh3 Nh7 {White must now prevent ...Ng5+.} 34. Rd3 Ng5+ 35. Kg2 Be3 {Hoping for ...h3+.} 36. Be2 Nxe4 37. Bf3 {[#]} h3+ $1 {Accuracy: White = 35%, Black = 65%.} 0-1

[Event "WYCC U18 Open 2019"]
[Site "Mumbai"]
[Date "2019.10.09"]
[Round "8.4"]
[White "Gazik, Viktor"]
[Black "Davtyan, Artur"]
[Result "1/2-1/2"]
[WhiteElo "2546"]
[BlackElo "2418"]
[Annotator "ChessBase"]
[PlyCount "101"]
[EventDate "2019.10.02"]
[EventType "swiss"]
[EventCountry "IND"]
[SourceTitle "playchess.com"]
[Source "ChessBase"]
[SourceQuality "1"]
[TimeControl "40/5400+30:1800+30"]

1. d4 {[%emt 0:00:00]} d5 {[%emt 0:00:00]} 2. c4 {[%emt 0:00:00]} e6 {[%emt 0:01:09]} 3. Nc3 {[%emt 0:00:00]} Be7 {[%emt 0:00:02]} 4. cxd5 {[%emt 0:00:00]} exd5 {[%emt 0:00:03]} 5. Bf4 {[%emt 0:00:11]} c6 {[%emt 0:00:04]} 6. e3 {[%emt 0:00:08]} Bf5 {[%emt 0:00:02]} 7. Nge2 {[%emt 0:00:09]} Nd7 {[%emt 0:00:11]} 8. h4 {[%emt 0:00:05]} Qb6 {[%emt 0:10:35]} 9. Qd2 {[%emt 0:09:38]} h5 {[%emt 0:00:25]} 10. Ng3 {[%emt 0:02:49]} Bg6 {[%emt 0:05:16]} 11. Bd3 {[%emt 0:12:51]} Bxd3 {[%emt 0:00:21]} 12. Qxd3 {[%emt 0:00:06]} g6 {[%emt 0:00:04]} 13. e4 {[%emt 0:04:18]} dxe4 {[%emt 0:17:39]} 14. Ngxe4 {[%emt 0:06:10]} Ngf6 {[%emt 0:05:16]} 15. Nd6+ {[%emt 0:05:49]} Kf8 {[%emt 0:05:55]} 16. O-O {[%emt 0:16:02]} Kg7 {[%emt 0:03:50]} 17. Qc4 {[%emt 0:08:30]} Bxd6 {[%emt 0:02:39]} 18. Bxd6 {[%emt 0:00:06]} Rhe8 {[%emt 0:00:02]} 19. Rad1 {[%emt 0:02:59]} Re6 {[%emt 0:04:05]} 20. Bg3 {[%emt 0:03:32]} Qxb2 {[%emt 0:10:48]} 21. Rb1 {[%emt 0:02:59]} Qc2 {[%emt 0:02:38]} 22. Rxb7 {[%emt 0:03:22]} Rae8 {[%emt 0:04:44]} 23. Rbb1 {[%emt 0:12:42]} Kg8 {[%emt 0:04:59]} 24. Rbc1 {[%emt 0:01:57]} Qf5 {[%emt 0:00:13]} 25. Qa6 {[%emt 0:01:04]} g5 {[%emt 0:05:18]} 26. Qxa7 {[%emt 0:02:30]} Qg4 {[%emt 0:00:22]} 27. hxg5 {[%emt 0:00:58]} h4 {[%emt 0:06:55]} 28. Bxh4 {[%emt 0:03:07]} Qxh4 {[%emt 0:03:15]} 29. gxf6 {[%emt 0:00:01]} Nxf6 {[%emt 0:00:19]} 30. Qc7 {[%emt 0:00:49]} Qxd4 {[%emt 0:05:11]} 31. Qg3+ {[%emt 0:01:10]} Ng4 {[%emt 0:00:02]} 32. Rcd1 {[%emt 0:01:01]} Qg7 {[%emt 0:00:00]} 33. Rd3 {[%emt 0:00:53]} Rg6 {[%emt 0:00:11]} 34. Qf4 {[%emt 0:00:30]} Rf6 {[%emt 0:02:57]} 35. Qd4 {[%emt 0:00:22]} Nxf2 {[%emt 0:00:19]} 36. Rf3 {[%emt 0:00:40]} Rxf3 {[%emt 0:01:37]} 37. Qxg7+ {[%emt 0:00:08]} Kxg7 {[%emt 0:00:04]} 38. gxf3 {[%emt 0:00:07]} Nh3+ {[%emt 0:00:52]} 39. Kh2 {[%emt 0:00:16]} Nf4 {[%emt 0:00:00]} 40. Ne4 {[%emt 0:00:52]} Ra8 {[%emt 0:00:36]} 41. Kg3 {[%emt 0:11:42]} Ne2+ {[%emt 0:00:13]} 42. Kf2 {[%emt 0:00:26]} Rxa2 {[%emt 0:00:11]} 43. Ke3 {[%emt 0:00:06]} f5 {[%emt 0:00:27]} 44. Rf2 {[%emt 0:01:33]} f4+ {[%emt 0:05:52]} 45. Kd3 {[%emt 0:00:19]} Nc1+ {[%emt 0:00:10]} 46. Kc4 {[%emt 0:02:25]} Rxf2 {[%emt 0:01:14]} 47. Nxf2 {[%emt 0:00:05]} Kf6 {[%emt 0:00:03]} 48. Nh3 {[%emt 0:00:10]} Ke5 {[%emt 0:00:05]} 49. Nxf4 {[%emt 0:00:08]} Kxf4 {[%emt 0:00:04]} 50. Kc5 {[%emt 0:00:04]} Kxf3 {[%emt 0:00:04]} 51. Kxc6 1/2-1/2

[Event "WYCC U18 Open 2019"]
[Site "Mumbai"]
[Date "2019.10.09"]
[Round "8.5"]
[White "Sydoryka, Vladyslav"]
[Black "Rahul Srivatshav P"]
[Result "1-0"]
[WhiteElo "2247"]
[BlackElo "2460"]
[Annotator "ChessBase"]
[PlyCount "117"]
[EventDate "2019.10.02"]
[EventType "swiss"]
[EventCountry "IND"]
[SourceTitle "playchess.com"]
[Source "ChessBase"]
[SourceQuality "1"]
[TimeControl "40/5400+30:1800+30"]

1. c4 {[%emt 0:00:00]} Nf6 {[%emt 0:00:28]} 2. g3 {[%emt 0:00:00]} g6 {[%emt 0:00:06]} 3. Bg2 {[%emt 0:00:00]} Bg7 {[%emt 0:00:05]} 4. Nc3 {[%emt 0:00:00]} O-O {[%emt 0:00:07]} 5. d3 {[%emt 0:00:00]} d6 {[%emt 0:00:24]} 6. Nf3 {[%emt 0:00:00]} e5 {[%emt 0:00:05]} 7. O-O {[%emt 0:00:01]} c6 {[%emt 0:00:01]} 8. Rb1 {[%emt 0:13:31]} Re8 {[%emt 0:00:09]} 9. Ne1 {[%emt 0:05:02]} h6 {[%emt 0:11:29]} 10. e4 {[%emt 0:02:37]} a6 {[%emt 0:02:09]} 11. a4 {[%emt 0:15:47]} a5 {[%emt 0:01:36]} 12. h3 {[%emt 0:00:24]} Na6 {[%emt 0:00:05]} 13. Nc2 {[%emt 0:00:52]} Nd7 {[%emt 0:09:34]} 14. Kh2 {[%emt 0:02:11]} Ndc5 {[%emt 0:04:45]} 15. f4 {[%emt 0:02:25]} Nb4 {[%emt 0:04:49]} 16. Ne1 {[%emt 0:09:23]} f5 {[%emt 0:03:20]} 17. Be3 {[%emt 0:03:05]} Qe7 {[%emt 0:03:14]} 18. Qd2 {[%emt 0:06:18]} exf4 {[%emt 0:08:17]} 19. Bxf4 {[%emt 0:01:54]} Kh7 {[%emt 0:00:41]} 20. Rd1 {[%emt 0:02:45]} Bd7 {[%emt 0:03:03]} 21. exf5 {[%emt 0:05:38]} Bxf5 {[%emt 0:24:56]} 22. d4 {[%emt 0:00:44]} Nb3 {[%emt 0:01:26]} 23. Qf2 {[%emt 0:00:05]} h5 {[%emt 0:05:05]} 24. h4 {[%emt 0:09:49]} Bf6 {[%emt 0:06:30]} 25. d5 {[%emt 0:09:30]} Rad8 {[%emt 0:02:25]} 26. Qb6 {[%emt 0:05:54]} Qg7 {[%emt 0:04:25]} 27. Nf3 {[%emt 0:00:51]} Kh8 {[%emt 0:03:00]} 28. Ng5 {[%emt 0:03:47]} Bd4 {[%emt 0:00:48]} 29. Rxd4 {[%emt 0:00:01]} Nxd4 {[%emt 0:00:04]} 30. Nce4 {[%emt 0:01:40]} cxd5 {[%emt 0:01:23]} 31. Nxd6 {[%emt 0:00:20]} Rxd6 {[%emt 0:00:12]} 32. Qxd6 {[%emt 0:00:01]} Nd3 {[%emt 0:00:43]} 33. Bd2 {[%emt 0:01:03]} Ne2 {[%emt 0:00:29]} 34. Bxd5 {[%emt 0:00:47]} Ne5 {[%emt 0:00:07]} 35. Bxa5 {[%emt 0:00:32]} Ng4+ {[%emt 0:00:05]} 36. Kh1 {[%emt 0:00:07]} Qxb2 {[%emt 0:00:45]} 37. Bg2 {[%emt 0:00:51]} Qb3 {[%emt 0:00:40]} 38. Be1 {[%emt 0:00:19]} Qxc4 {[%emt 0:00:19]} 39. a5 {[%emt 0:00:44]} Kg7 {[%emt 0:00:43]} 40. Rxf5 {[%emt 0:00:24]} gxf5 {[%emt 0:00:57]} 41. Qd7+ {[%emt 0:30:10]} Kf6 {[%emt 0:30:16]} 42. Qxe8 {[%emt 0:00:37]} f4 {[%emt 0:00:00]} 43. Qf8+ {[%emt 0:00:00]} Ke5 {[%emt 0:00:00]} 44. Qe7+ {[%emt 0:00:00]} Kd4 {[%emt 0:00:00]} 45. Nf3+ {[%emt 0:00:00]} Kd3 {[%emt 0:00:00]} 46. Qd6+ {[%emt 0:00:00]} Kc2 {[%emt 0:00:00]} 47. Qd2+ {[%emt 0:00:00]} Kb1 {[%emt 0:00:00]} 48. Qd1+ {[%emt 0:00:00]} Kb2 {[%emt 0:00:00]} 49. Bf1 {[%emt 0:00:00]} Nxg3+ {[%emt 0:00:00]} 50. Bxg3 {[%emt 0:00:00]} fxg3 {[%emt 0:00:00]} 51. Bxc4 {[%emt 0:00:00]} Nf2+ {[%emt 0:00:00]} 52. Kg1 {[%emt 0:00:00]} Nxd1 {[%emt 0:00:00]} 53. Bd5 {[%emt 0:00:00]} Nc3 {[%emt 0:00:00]} 54. Bxb7 {[%emt 0:00:00]} Nb5 {[%emt 0:00:00]} 55. a6 {[%emt 0:00:00]} Kc3 {[%emt 0:00:00]} 56. Kg2 {[%emt 0:00:00]} Kd3 {[%emt 0:00:00]} 57. Kxg3 {[%emt 0:00:00]} Ke3 {[%emt 0:00:00]} 58. Bc6 {[%emt 0:00:00]} Na7 {[%emt 0:00:00]} 59. Be8 {[%emt 0:00:00]} 1-0

[Event "WYCC U18 Open 2019"]
[Site "Mumbai"]
[Date "2019.10.09"]
[Round "8.6"]
[White "Chylewski, Patryk"]
[Black "Zarubitski, Viachaslau"]
[Result "0-1"]
[WhiteElo "2348"]
[BlackElo "2435"]
[Annotator "ChessBase"]
[PlyCount "106"]
[EventDate "2019.10.02"]
[EventType "swiss"]
[EventCountry "IND"]
[SourceTitle "playchess.com"]
[Source "ChessBase"]
[SourceQuality "1"]
[TimeControl "40/5400+30:1800+30"]

1. d4 {[%emt 0:00:00]} Nf6 {[%emt 0:00:00]} 2. c4 {[%emt 0:00:00]} c6 {[%emt 0:00:00]} 3. Nc3 {[%emt 0:00:00]} d5 {[%emt 0:00:00]} 4. cxd5 {[%emt 0:00:00]} cxd5 {[%emt 0:00:01]} 5. Bf4 {[%emt 0:00:00]} Nc6 {[%emt 0:00:25]} 6. e3 {[%emt 0:00:01]} Bf5 {[%emt 0:01:09]} 7. Nf3 {[%emt 0:00:26]} a6 {[%emt 0:00:26]} 8. h3 {[%emt 0:03:28]} Qb6 {[%emt 0:11:18]} 9. Qb3 {[%emt 0:10:44]} Qxb3 {[%emt 0:01:18]} 10. axb3 {[%emt 0:00:05]} e6 {[%emt 0:03:11]} 11. Be2 {[%emt 0:05:37]} Bb4 {[%emt 0:08:21]} 12. Nd2 {[%emt 0:06:23]} Ke7 {[%emt 0:14:59]} 13. f3 {[%emt 0:03:38]} Bg6 {[%emt 0:05:10]} 14. Kf2 {[%emt 0:02:10]} Rac8 {[%emt 0:01:01]} 15. Rhc1 {[%emt 0:00:53]} Nd7 {[%emt 0:01:51]} 16. Nf1 {[%emt 0:04:32]} f6 {[%emt 0:04:18]} 17. Bg3 {[%emt 0:09:40]} Na5 {[%emt 0:12:12]} 18. Bd1 {[%emt 0:03:06]} Nc6 {[%emt 0:05:18]} 19. Be2 {[%emt 0:01:13]} Rhd8 {[%emt 0:03:50]} 20. Bh4 {[%emt 0:02:50]} Nb6 {[%emt 0:02:24]} 21. Na2 {[%emt 0:03:53]} Bd6 {[%emt 0:02:40]} 22. Bg3 {[%emt 0:02:58]} e5 {[%emt 0:02:12]} 23. dxe5 {[%emt 0:01:02]} Bxe5 {[%emt 0:00:26]} 24. Bxe5 {[%emt 0:01:11]} fxe5 {[%emt 0:00:17]} 25. b4 {[%emt 0:07:45]} Na7 {[%emt 0:07:16]} 26. f4 {[%emt 0:01:28]} Na4 {[%emt 0:02:10]} 27. b3 {[%emt 0:02:30]} Nb2 {[%emt 0:00:02]} 28. g4 {[%emt 0:08:03]} Nd3+ {[%emt 0:01:22]} 29. Bxd3 {[%emt 0:00:04]} Bxd3 {[%emt 0:00:02]} 30. Rxc8 {[%emt 0:02:22]} Rxc8 {[%emt 0:01:06]} 31. Rc1 {[%emt 0:00:05]} Rc2+ {[%emt 0:06:40]} 32. Rxc2 {[%emt 0:00:06]} Bxc2 {[%emt 0:00:01]} 33. Nd2 {[%emt 0:00:45]} exf4 {[%emt 0:00:54]} 34. exf4 {[%emt 0:00:04]} d4 {[%emt 0:00:25]} 35. Nf3 {[%emt 0:13:27]} Nc6 {[%emt 0:00:40]} 36. Nc1 {[%emt 0:00:07]} Kd6 {[%emt 0:00:38]} 37. Ke2 {[%emt 0:00:22]} Kd5 {[%emt 0:00:43]} 38. b5 {[%emt 0:02:41]} axb5 {[%emt 0:00:07]} 39. Kd2 {[%emt 0:02:03]} Ke4 {[%emt 0:03:30]} 40. Ne1 {[%emt 0:02:26]} Bb1 {[%emt 0:00:30]} 41. f5 {[%emt 0:06:16]} Ke5 {[%emt 0:14:53]} 42. Ned3+ {[%emt 0:07:12]} Kf6 {[%emt 0:02:29]} 43. Ne2 {[%emt 0:16:05]} Kg5 {[%emt 0:03:02]} 44. Ndf4 {[%emt 0:03:03]} Kh4 {[%emt 0:00:12]} 45. Ne6 {[%emt 0:01:13]} Kxh3 {[%emt 0:00:17]} 46. Nxg7 {[%emt 0:00:07]} Kxg4 {[%emt 0:00:26]} 47. f6 {[%emt 0:00:06]} Bg6 {[%emt 0:00:45]} 48. Ne6 {[%emt 0:00:05]} b4 {[%emt 0:07:29]} 49. N6xd4 {[%emt 0:01:39]} Nxd4 {[%emt 0:00:18]} 50. Nxd4 {[%emt 0:00:04]} Kg5 {[%emt 0:00:02]} 51. Nb5 {[%emt 0:01:01]} Kxf6 {[%emt 0:00:59]} 52. Nd6 {[%emt 0:00:09]} Bf7 {[%emt 0:01:49]} 53. Kc2 {[%emt 0:00:07]} Bd5 {[%emt 0:00:06]} 0-1

[Event "WYCC U18 Open 2019"]
[Site "Mumbai"]
[Date "2019.10.09"]
[Round "8.7"]
[White "Wang, Shixu B"]
[Black "Pultinevicius, Paulius"]
[Result "0-1"]
[WhiteElo "2370"]
[BlackElo "2503"]
[Annotator "ChessBase"]
[PlyCount "66"]
[EventDate "2019.10.02"]
[EventType "swiss"]
[EventCountry "IND"]
[SourceTitle "playchess.com"]
[Source "ChessBase"]
[SourceQuality "1"]
[TimeControl "40/5400+30:1800+30"]

1. d4 Nf6 2. c4 g6 3. Nc3 d5 4. cxd5 Nxd5 5. e4 Nxc3 6. bxc3 Bg7 7. Nf3 c5 8. Rb1 cxd4 9. cxd4 O-O 10. Be2 Qa5+ 11. Bd2 Qxa2 12. O-O Bg4 13. Bg5 h6 14. Bh4 g5 15. Bg3 a5 16. Rxb7 Nc6 17. d5 Bxf3 18. Bxf3 Nd4 19. h4 a4 20. hxg5 hxg5 21. Qc1 a3 22. Qxg5 Nxf3+ 23. gxf3 Ra6 24. d6 exd6 25. Qb5 Raa8 26. Bxd6 Rfe8 27. Ra7 Qe6 28. Rxa8 Rxa8 29. Qb7 Ra5 30. Qb8+ Kh7 31. e5 Qg6+ 32. Kh1 Ra4 33. Qd8 a2 0-1

[Event "WYCC U18 Open 2019"]
[Site "Mumbai"]
[Date "2019.10.09"]
[Round "8.8"]
[White "Blohberger, Felix"]
[Black "Aditya Mittal"]
[Result "1/2-1/2"]
[WhiteElo "2448"]
[BlackElo "2430"]
[Annotator "ChessBase"]
[PlyCount "240"]
[EventDate "2019.10.02"]
[EventType "swiss"]
[EventCountry "IND"]
[SourceTitle "playchess.com"]
[Source "ChessBase"]
[SourceQuality "1"]
[TimeControl "40/5400+30:1800+30"]

1. e4 {[%emt 0:00:00]} c5 {[%emt 0:00:00]} 2. Nf3 {[%emt 0:00:00]} Nc6 {[%emt 0:00:00]} 3. d4 {[%emt 0:00:08]} cxd4 {[%emt 0:00:02]} 4. Nxd4 {[%emt 0:00:06]} Nf6 {[%emt 0:00:06]} 5. Nc3 {[%emt 0:00:04]} e5 {[%emt 0:00:05]} 6. Ndb5 {[%emt 0:00:06]} d6 {[%emt 0:00:07]} 7. Bg5 {[%emt 0:00:30]} a6 {[%emt 0:00:06]} 8. Na3 {[%emt 0:00:05]} b5 {[%emt 0:00:06]} 9. Nd5 {[%emt 0:00:05]} Be7 {[%emt 0:00:05]} 10. Bxf6 {[%emt 0:00:24]} Bxf6 {[%emt 0:00:07]} 11. c3 {[%emt 0:00:12]} Ne7 {[%emt 0:00:06]} 12. Nc2 {[%emt 0:03:32]} Nxd5 {[%emt 0:00:48]} 13. Qxd5 {[%emt 0:00:51]} Rb8 {[%emt 0:00:25]} 14. Qd3 {[%emt 0:07:49]} a5 {[%emt 0:08:34]} 15. Ne3 {[%emt 0:03:37]} Bg5 {[%emt 0:08:19]} 16. Nd5 {[%emt 0:01:11]} O-O {[%emt 0:00:49]} 17. Be2 {[%emt 0:00:18]} f5 {[%emt 0:05:44]} 18. Bf3 {[%emt 0:02:20]} f4 {[%emt 0:02:32]} 19. O-O {[%emt 0:02:17]} g6 {[%emt 0:05:02]} 20. b4 {[%emt 0:06:40]} a4 {[%emt 0:09:02]} 21. c4 {[%emt 0:12:38]} bxc4 {[%emt 0:04:00]} 22. Qxc4 {[%emt 0:00:10]} Be6 {[%emt 0:00:43]} 23. a3 {[%emt 0:14:23]} Qc8 {[%emt 0:17:18]} 24. Rac1 {[%emt 0:06:27]} Qxc4 {[%emt 0:18:06]} 25. Rxc4 {[%emt 0:00:06]} Rfc8 {[%emt 0:00:05]} 26. Rfc1 {[%emt 0:00:12]} Rxc4 {[%emt 0:00:05]} 27. Rxc4 {[%emt 0:00:05]} Bd8 {[%emt 0:00:20]} 28. Rc6 {[%emt 0:13:09]} Kf7 {[%emt 0:03:17]} 29. Kf1 {[%emt 0:03:10]} Bxd5 {[%emt 0:03:32]} 30. exd5 {[%emt 0:00:24]} Ke7 {[%emt 0:00:06]} 31. Be4 {[%emt 0:06:36]} Bb6 {[%emt 0:00:53]} 32. Ke2 {[%emt 0:00:53]} Bd4 {[%emt 0:05:05]} 33. Rc2 {[%emt 0:06:18]} Rb7 {[%emt 0:03:02]} 34. Kd1 {[%emt 0:00:45]} Kd8 {[%emt 0:02:35]} 35. f3 {[%emt 0:02:21]} g5 {[%emt 0:00:48]} 36. Rc6 {[%emt 0:03:30]} Ke7 {[%emt 0:03:06]} 37. Kc1 {[%emt 0:00:58]} h5 {[%emt 0:00:09]} 38. Bg6 {[%emt 0:02:24]} Rb8 {[%emt 0:02:24]} 39. h3 {[%emt 0:02:07]} Rh8 {[%emt 0:00:51]} 40. Rc7+ {[%emt 0:02:30]} Kf6 {[%emt 0:00:24]} 41. Bc2 {[%emt 0:09:22]} g4 {[%emt 0:00:33]} 42. Rd7 {[%emt 0:04:28]} gxh3 {[%emt 0:04:14]} 43. Rxd6+ {[%emt 0:02:53]} Kg5 {[%emt 0:00:33]} 44. gxh3 {[%emt 0:00:07]} Kh4 {[%emt 0:00:10]} 45. Rg6 {[%emt 0:02:45]} Rc8 {[%emt 0:04:43]} 46. d6 {[%emt 0:08:34]} e4 {[%emt 0:01:08]} 47. d7 {[%emt 0:01:19]} Rd8 {[%emt 0:00:28]} 48. Bxa4 {[%emt 0:03:22]} exf3 {[%emt 0:00:35]} 49. Kd1 {[%emt 0:00:28]} Bb2 {[%emt 0:05:26]} 50. Bc6 {[%emt 0:00:06]} Bxa3 {[%emt 0:00:13]} 51. b5 {[%emt 0:00:05]} Bc5 {[%emt 0:00:03]} 52. Ke1 {[%emt 0:00:41]} Kxh3 {[%emt 0:00:23]} 53. Kf1 {[%emt 0:00:42]} f2 {[%emt 0:02:23]} 54. b6 {[%emt 0:01:22]} Bxb6 {[%emt 0:01:30]} 55. Bg2+ {[%emt 0:00:05]} Kh4 {[%emt 0:03:18]} 56. Rxb6 {[%emt 0:00:05]} Rxd7 {[%emt 0:00:02]} 57. Bf3 {[%emt 0:01:56]} Kg3 {[%emt 0:01:51]} 58. Bxh5 {[%emt 0:00:30]} f3 {[%emt 0:00:45]} 59. Rg6+ {[%emt 0:00:09]} Kf4 {[%emt 0:00:06]} 60. Rg8 {[%emt 0:00:42]} Rd1+ {[%emt 0:00:52]} 61. Kxf2 {[%emt 0:00:05]} Rd2+ {[%emt 0:00:02]} 62. Ke1 {[%emt 0:00:27]} Re2+ {[%emt 0:00:45]} 63. Kf1 {[%emt 0:00:07]} Rh2 {[%emt 0:00:40]} 64. Rf8+ {[%emt 0:01:12]} Ke3 {[%emt 0:00:08]} 65. Re8+ {[%emt 0:00:14]} Kf4 {[%emt 0:00:07]} 66. Bf7 {[%emt 0:00:38]} Rh1+ {[%emt 0:02:50]} 67. Kf2 {[%emt 0:00:04]} Rh2+ {[%emt 0:00:02]} 68. Kg1 {[%emt 0:00:14]} Rg2+ {[%emt 0:02:06]} 69. Kf1 {[%emt 0:00:05]} Kg3 {[%emt 0:00:23]} 70. Rg8+ {[%emt 0:00:10]} Kf4 71. Rf8 {[%emt 0:01:08]} Ke3 {[%emt 0:00:44]} 72. Re8+ {[%emt 0:00:29]} Kf4 {[%emt 0:00:08]} 73. Bd5 {[%emt 0:00:07]} Rd2 {[%emt 0:00:06]} 74. Rf8+ {[%emt 0:00:31]} Kg3 {[%emt 0:00:06]} 75. Rg8+ {[%emt 0:00:05]} Kf4 {[%emt 0:00:01]} 76. Rf8+ {[%emt 0:00:06]} Kg3 {[%emt 0:00:04]} 77. Rxf3+ {[%emt 0:00:24]} Kg4 {[%emt 0:00:07]} 78. Bb7 {[%emt 0:00:33]} Rb2 {[%emt 0:00:16]} 79. Rf7 {[%emt 0:00:06]} Kg5 {[%emt 0:00:13]} 80. Bf3 {[%emt 0:00:28]} Kg6 {[%emt 0:00:07]} 81. Ra7 {[%emt 0:00:19]} Kf6 {[%emt 0:00:19]} 82. Be2 {[%emt 0:00:14]} Ke5 {[%emt 0:00:06]} 83. Kf2 {[%emt 0:00:06]} Rb3 {[%emt 0:00:03]} 84. Bf3 {[%emt 0:00:36]} Rb2+ {[%emt 0:00:06]} 85. Kg3 {[%emt 0:00:07]} Rb4 {[%emt 0:00:19]} 86. Ra5+ {[%emt 0:02:00]} Kd6 {[%emt 0:00:01]} 87. Ba8 {[%emt 0:00:43]} Ke6 {[%emt 0:00:08]} 88. Kf3 {[%emt 0:00:10]} Rb1 {[%emt 0:00:28]} 89. Kf4 {[%emt 0:00:18]} Rf1+ {[%emt 0:00:07]} 90. Bf3 {[%emt 0:00:02]} Kd6 {[%emt 0:00:14]} 91. Rd5+ {[%emt 0:00:25]} Ke6 {[%emt 0:00:05]} 92. Rc5 {[%emt 0:00:04]} Kd6 {[%emt 0:00:09]} 93. Rc6+ {[%emt 0:00:06]} Kd7 {[%emt 0:00:04]} 94. Rh6 {[%emt 0:00:27]} Ke7 {[%emt 0:00:17]} 95. Ke4 {[%emt 0:01:27]} Re1+ {[%emt 0:02:55]} 96. Kd5 {[%emt 0:00:22]} Rf1 {[%emt 0:00:45]} 97. Be4 {[%emt 0:01:36]} Rd1+ {[%emt 0:00:30]} 98. Ke5 {[%emt 0:00:07]} Re1 {[%emt 0:00:04]} 99. Rh7+ {[%emt 0:00:04]} Ke8 {[%emt 0:00:05]} 100. Kd5 {[%emt 0:01:13]} Kf8 {[%emt 0:00:34]} 101. Bf5 {[%emt 0:00:13]} Re7 {[%emt 0:00:06]} 102. Rh1 {[%emt 0:00:06]} Kg7 {[%emt 0:02:16]} 103. Be6 {[%emt 0:01:11]} Ra7 {[%emt 0:00:08]} 104. Ke5 {[%emt 0:00:41]} Ra5+ {[%emt 0:00:18]} 105. Bd5 {[%emt 0:00:04]} Kg6 {[%emt 0:00:06]} 106. Rg1+ {[%emt 0:01:27]} Kh5 {[%emt 0:00:05]} 107. Rg8 {[%emt 0:00:47]} Rb5 {[%emt 0:00:12]} 108. Ke6 {[%emt 0:00:27]} Kh4 {[%emt 0:00:08]} 109. Be4 {[%emt 0:00:04]} Rg5 {[%emt 0:00:04]} 110. Ra8 {[%emt 0:00:26]} Kg3 {[%emt 0:01:50]} 111. Rf8 {[%emt 0:01:25]} Ra5 {[%emt 0:01:08]} 112. Bd5 {[%emt 0:00:16]} Kg4 {[%emt 0:00:13]} 113. Ke5 {[%emt 0:00:48]} Kg5 {[%emt 0:00:15]} 114. Rg8+ {[%emt 0:00:05]} Kh5 {[%emt 0:00:10]} 115. Rg1 {[%emt 0:00:27]} Rb5 {[%emt 0:00:06]} 116. Ke4 {[%emt 0:00:08]} Kh6 {[%emt 0:00:06]} 117. Be6 {[%emt 0:01:44]} Rg5 {[%emt 0:00:07]} 118. Ra1 {[%emt 0:00:30]} Kg7 {[%emt 0:00:16]} 119. Ra7+ {[%emt 0:00:47]} Kf6 {[%emt 0:00:16]} 120. Bh3 {[%emt 0:00:44]} Re5+ {[%emt 0:00:25]} 1/2-1/2

[Event "WYCC U18 Open 2019"]
[Site "Mumbai"]
[Date "2019.10.09"]
[Round "8.9"]
[White "Buckels, Valentin"]
[Black "Bykov, Oleg"]
[Result "1/2-1/2"]
[WhiteElo "2442"]
[BlackElo "2370"]
[Annotator "ChessBase"]
[PlyCount "68"]
[EventDate "2019.10.02"]
[EventType "swiss"]
[EventCountry "IND"]
[SourceTitle "playchess.com"]
[Source "ChessBase"]
[SourceQuality "1"]
[TimeControl "40/5400+30:1800+30"]

1. d4 {[%emt 0:00:00]} Nf6 {[%emt 0:00:00]} 2. Nf3 {[%emt 0:00:00]} d5 {[%emt 0:00:58]} 3. Bf4 {[%emt 0:00:21]} e6 {[%emt 0:04:11]} 4. e3 {[%emt 0:00:12]} Bd6 {[%emt 0:00:43]} 5. Bg3 {[%emt 0:00:33]} O-O {[%emt 0:00:27]} 6. Nbd2 {[%emt 0:00:25]} c5 {[%emt 0:00:44]} 7. c3 {[%emt 0:00:07]} b6 {[%emt 0:01:16]} 8. Bd3 {[%emt 0:01:11]} Ba6 {[%emt 0:06:11]} 9. Bxa6 {[%emt 0:08:56]} Nxa6 {[%emt 0:00:03]} 10. Qe2 {[%emt 0:01:16]} c4 {[%emt 0:06:40]} 11. e4 {[%emt 0:09:24]} Bxg3 {[%emt 0:15:15]} 12. hxg3 {[%emt 0:00:27]} b5 {[%emt 0:00:55]} 13. Ne5 {[%emt 0:08:50]} h6 {[%emt 0:08:47]} 14. g4 {[%emt 0:04:01]} Nxe4 {[%emt 0:04:06]} 15. Nxe4 {[%emt 0:02:59]} dxe4 {[%emt 0:00:04]} 16. a4 {[%emt 0:06:30]} b4 {[%emt 0:05:09]} 17. Qxc4 {[%emt 0:18:06]} bxc3 {[%emt 0:02:03]} 18. bxc3 {[%emt 0:01:19]} Nc7 {[%emt 0:03:13]} 19. g5 {[%emt 0:05:39]} hxg5 {[%emt 0:07:12]} 20. Qe2 {[%emt 0:03:12]} g6 {[%emt 0:01:07]} 21. Qxe4 {[%emt 0:04:17]} Kg7 {[%emt 0:01:10]} 22. Ng4 {[%emt 0:06:22]} Nd5 {[%emt 0:07:02]} 23. Rb1 {[%emt 0:10:57]} Rb8 {[%emt 0:12:38]} 24. O-O {[%emt 0:05:55]} Rxb1 {[%emt 0:06:28]} 25. Rxb1 Nxc3 {[%emt 0:01:09]} 26. Qe5+ {[%emt 0:00:58]} f6 {[%emt 0:00:04]} 27. Rb7+ {[%emt 0:00:49]} Rf7 {[%emt 0:00:01]} 28. Rxf7+ {[%emt 0:00:40]} Kxf7 {[%emt 0:00:02]} 29. Qc5 {[%emt 0:00:25]} Qxd4 {[%emt 0:06:09]} 30. Qc7+ {[%emt 0:00:05]} Ke8 {[%emt 0:00:37]} 31. Qc8+ {[%emt 0:00:13]} Ke7 {[%emt 0:00:25]} 32. Qc7+ {[%emt 0:00:11]} Ke8 {[%emt 0:00:18]} 33. Qc8+ {[%emt 0:00:13]} Ke7 {[%emt 0:00:11]} 34. Qc7+ {[%emt 0:00:04]} Ke8 {[%emt 0:00:28]} 1/2-1/2